zpět

Detail výsledku týmu

Na Hale, Hluk

Datum a čas kvízu

28 Celkem bodů Celkový počet nahraných bodů na tomto kvízu bez doplňovacích otázek.
7. Pořadí na kvízu Konečné umístění týmu na tomto kvízu.

Zaznamenané odpovědi

# Otázka Odpověď Body Výsledky
1. Na české území se po více než... Jan Žižka 0
2. Radní nizozemského města Haag... C) reklama na cokoli souvisejícího s fosilními palivy 0
3. Jedna 80letá žena se rozhodla... z Jižní Koreje 1
4. „Končíme s homeoffice,“ dozvěd... Amazon 1
5. Který muž vstoupil do sezóny j... Radko Gudas 0
6. Evropský den jazyků se slaví k... 1D 2B 3C 4A 0
7. Kašubština patří mezi jazyky: C 1
8. Sedila, tedy háček pod písmene... C 0
9. Vrcholný představitel ruského... Fjodor Michajlovič Dostojevskij 0
10. Kterým slovem na pět písmen se... Banát 0